| 000 | 00404nam a2200121Ia 4500 | ||
|---|---|---|---|
| 008 | 171212s9999 xx 000 0 und d | ||
| 020 | _a9781783742684 | ||
| 245 |
_ceditor Neal, Andrew W. _aSecurity in a Small Nation _bScotland, Democracy, Politics |
||
| 260 |
_bOpen Book Publishers _c2017 |
||
| 440 | _aOpen Reports Series | ||
| 650 | _aPolitical Science | ||
| 856 | _uhttp://jstor.org/stable/j.ctt1sq5v42 | ||
| 999 |
_c351592 _d351592 |
||